000 005610000a22001810004500
090 _aAR
_b01655
245 1 0 _aVariation in selectión for, leaf water conductance in relation to growth and stomatal dimensions in Lolium perenne L.
650 1 4 _aFisiología
_915628
650 1 4 _aAnatomía
_995070
650 1 4 _aEvolución
_992797
650 1 4 _aGenética
_992806
650 1 4 _aBotánica
_9361
653 _gLolium
_eLolium perenne
041 0 _aInglés
100 1 _aGay, A. P.
_995071
942 _cARTICULO
773 1 _tAnnals of Botany
_3565
_h57
_q361-369
_d1986
999 _c10735
_d10735